Magazine litteraire (رقم التسجيلة. 133095)
[ عرض عادي ]
| 000 -LEADER | |
|---|---|
| fixed length control field | 01251cas a2200361 4500 |
| 008 - FIXED-LENGTH DATA ELEMENTS--GENERAL INFORMATION | |
| fixed length control field | 750920c19669999fr mr p 0 b0fre |
| 010 ## - LIBRARY OF CONGRESS CONTROL NUMBER | |
| LC control number | 71207518 |
| 022 ## - INTERNATIONAL STANDARD SERIAL NUMBER | |
| International Standard Serial Number | 024-9807 |
| 040 ## - CATALOGING SOURCE | |
| Original cataloging agency | DLC |
| Language of cataloging | eng |
| Transcribing agency | MnMULS |
| Modifying agency | NAlULS |
| -- | CtY |
| -- | DLC |
| -- | AIP |
| -- | FU |
| -- | NST |
| -- | DNLM |
| -- | OCoLC |
| -- | NLGGC |
| -- | CaQQL |
| -- | OCoLC |
| -- | MH |
| -- | InU |
| -- | J9U |
| -- | UKMGB |
| -- | UV0 |
| -- | DLC |
| 050 00 - LIBRARY OF CONGRESS CALL NUMBER | |
| Classification number | PN3 |
| Item number | .M33 |
| 082 #4 - DEWEY DECIMAL CLASSIFICATION NUMBER | |
| Classification number | 809 |
| 092 04 - LOCALLY ASSIGNED DEWEY CALL NUMBER (OCLC) | |
| Classification number | 809 |
| Item number | M189 |
| Edition number | 21 |
| 099 ## - LOCAL FREE-TEXT CALL NUMBER (OCLC) | |
| Classification number | 04 |
| -- | 809 M189 |
| 210 0# - ABBREVIATED TITLE | |
| Abbreviated title | Mag. litt. |
| 222 #0 - KEY TITLE | |
| Key title | Magazine litteraire |
| 245 00 - TITLE STATEMENT | |
| Title | Magazine litteraire |
| 260 ## - PUBLICATION, DISTRIBUTION, ETC. | |
| Place of publication, distribution, etc. | [Paris, |
| Name of publisher, distributor, etc. | Magazine litteraire] |
| 300 ## - PHYSICAL DESCRIPTION | |
| Extent | no. |
| Other physical details | ill., ports. |
| Dimensions | 28 cm. |
| 310 ## - CURRENT PUBLICATION FREQUENCY | |
| Current publication frequency | 12 no. a year, |
| Date of current publication frequency | 2012- |
| 321 ## - FORMER PUBLICATION FREQUENCY | |
| Former publication frequency | 11 no. a year, |
| Dates of former publication frequency | -2011 |
| 362 1# - DATES OF PUBLICATION AND/OR SEQUENTIAL DESIGNATION | |
| Dates of publication and/or sequential designation | Began with Nov. 1966 issue. |
| Source of information | Cf. Biblio, 1967 |
| 515 ## - NUMBERING PECULIARITIES NOTE | |
| Numbering peculiarities note | Some issues combined. |
| 525 ## - SUPPLEMENT NOTE | |
| Supplement note | Some issues accompanied by audio CDs. |
| 530 ## - ADDITIONAL PHYSICAL FORM AVAILABLE NOTE | |
| Additional physical form available note | Also issued online. |
| 650 #0 - SUBJECT ADDED ENTRY--TOPICAL TERM | |
| Topical term or geographic name entry element | Literature, Modern |
| Form subdivision | Periodicals. |
| 650 #6 - SUBJECT ADDED ENTRY--TOPICAL TERM | |
| Topical term or geographic name entry element | Litterature |
| Form subdivision | Periodiques. |
| 650 17 - SUBJECT ADDED ENTRY--TOPICAL TERM | |
| Topical term or geographic name entry element | Literatuurwetenschap. |
| Source of heading or term | gtt |
| 776 08 - ADDITIONAL PHYSICAL FORM ENTRY | |
| Relationship information | Online version: |
| Title | Magazine littâeraire |
| Record control number | (OCoLC)566209022 |
| 905 ## - LOCAL DATA ELEMENT E, LDE (RLIN) | |
| Cataloger | |
| Reviser | Rev. |
| 905 ## - LOCAL DATA ELEMENT E, LDE (RLIN) | |
| Cataloger | Jamal |
| Reviser | Cat. |
| 942 ## - ADDED ENTRY ELEMENTS (KOHA) | |
| Source of classification or shelving scheme | Dewey Decimal Classification |
| Koha item type | Books |
| Source of classification or shelving scheme | Not for loan | Home library | Current library | Date acquired | Full call number | Date last seen | Koha item type |
|---|---|---|---|---|---|---|---|
| Dewey Decimal Classification | المكتبة المركزبة الجديدة - جامعة القاهرة | قاعة الثقاقات الاجنبية - الدور الثالث | 11.02.2024 | 809 M189 | 23.09.2023 | Continuing Resources |